000 00855nab a2200253 u 4500
001 19647
003 HDC
007 cr bn ---aaaaa
008 210302c |r|noo 0 a d
040 _aHDC
100 _aPillas, Catherine,
_eauthor
_916194
245 0 _aGOVERNMENT CREATES BOARD TO PROMOTE HALAL EXPORTS /
_cby Catherine Pillas
260 _a[No place] :
_b[publisher not identified],
_c2016
336 _atext
_2rdacontent
337 _acomputer
_2rdamedia
338 _aonline resource
_2rdacarrier
650 _aHalal export
_96113
650 _aHalal industry
_9144
710 _aBUSINESS MIRROR
856 _zRequest full-text at [email protected]
942 _2lcc
942 _cNEWS
942 _kNWSO 009796
999 _c16963
_d16963